000 00650nam a2200241Ia 4500
003 OSt
005 20220918174041.0
006 a|||||r|||| 00| 0
007 ta
008 220917b |||||||| |||| 00| 0 eng d
024 _a10,198
037 _cTextual
040 _aARTS
_cARTS
_beng
041 _2eng
_aeng
082 _aQ7:33, H5 (=)
100 _aDavenport John
_948917
245 0 _aMohammad and teaching of Quran ed by Mohammad Amin
260 _aLahore
_bShaikh Muham Ashraf
_c1945
300 _aix,115p.
_ccm.
650 _aRELIGION
942 _hQ7:33, H5 (=)
_cTEXL
_2CC
999 _c151572
_d151572